00501 2200193 4500001002100000005001500021008004100036020002200077035001900099041000700118082000800125090001400133100002000147245004800167260003600215300003000251500001100281650001500292INLIS00000000002600320241224132043241224||||||||| | ||| |||| || |  a978-602-7975-22-4 0010-1224026003 aid0 a813 a813 ANI b0 aAnisa Widiyarti00aBeauty and The Beast Berburu Ramuan Penawar aYogyakartabBentang Beliac2013 a21x14,5 cm, vi, 122 hlm.; aCet. 1 0anovel anak